| 000 | 01046nam a2200229Ia 4500 | ||
|---|---|---|---|
| 001 | 11514 | ||
| 003 | GE_BSU | ||
| 008 | 181216s||||||||xx |||||||||||||| ||und|| | ||
| 040 | _cGE_BSU | ||
| 080 | _a633/635(075.8) | ||
| 100 | _aჩხაიძე,გენო. | ||
| 245 | _aსუბტროპიკული კულტურები. | ||
| 245 | _bწიგნი 3 ნაწილად;ნაწ. 3; სახელმძღვ. საქ–ს სუბტეროპიკული მეურნ.ინ–ტისა და საქ–ს აგრარული უნ–ტის სტუდენტებისათვის. | ||
| 245 | _cრედ:მიხეილ აბრამიშვილი. | ||
| 260 | _aთბილისი. | ||
| 260 | _bფარნავაზი. | ||
| 260 | _c1996. | ||
| 300 | _a218გვ;19სმ. | ||
| 300 | _eსაძიებლები გვ.209–216. ილ;ცხრ. | ||
| 653 | _aსუბტროპიკული კულტურები. | ||
| 942 | _cBK | ||
| 999 |
_c44709 _d44709 |
||